Представление документа в формате RUSMARC

ПолеНазваниеЗначение
  Тип записи a
  Библиографический уровень m
001 Контрольный номер RU/IS/BASE/523713487
005 Дата корректировки 20240209174642.0
010 Индекс ISBN __
a ISBN 978-5-9795-1514-4
d Цена 15 р. 00 к.
9 Тираж 500 экз.
100 Данные общей обработки __
a Данные общей обработки 20160805d2016 ||| 0rusy0189 ca
101 Язык документа 0_
a Язык текста rus
102 Страна публикации __
a Страна публикации RU
105 Кодированные данные (монография) __
a Кодированные данные (монография) y###||||000|y
200 Заглавие и сведения об ответственности 1_
a Заглавие Лексико-семантические процессы в немецкой авиационной терминосистеме
b Общее обозначение материала Текст
f Первые сведения об ответственности Н. С. Шарафутдинова
210 Выходные данные 1_
a Место издания Ульяновск
c Издательство УлГТУ
d Дата издания 2016
215 Физическое описание __
a Объем 204 с.
d Формат 20 см.
300 Общие примечания __
a Общие примечания Ограничения по возрасту - 18+
606 Тематические рубрики 0_
a Основная рубрика Немецкий язык
610 Ключевые слова 0_
a Ключевые слова немецкий язык
a Ключевые слова языкознание
a Ключевые слова лексикология
a Ключевые слова термины
a Ключевые слова терминология
a Ключевые слова языки германские
a Ключевые слова семантика
686 Индексы других классификаций __
a Классификационный индекс 81.2Нем
2 Код системы ББК
700 Автор _0
a Фамилия Шарафутдинова
b Имя (инициалы) Насима Саетовна
g Полное личное имя Н. С.
801 Источник записи _0
a Страна RU
b Организация МБУК ЦБС
c Дата составления 20160805
g Правила каталогизации RCR
801 Источник записи _1
a Страна RU
b Организация МБУК ЦБС г. Ульяновска
c Дата составления 20160805
g Правила каталогизации RCR
899 Данные о местонахождении __
i Авторский знак Ш 25
j Расстановочный фильтр 81.2Нем
901 Тип документа __
t Тип документа m
910 Корректоры записи __
a Корректор записи Тихонова